000 00524nam a2200157 i 4500
001 57878
003 ES-MaACL
005 20230906163654.0
007 t|
008 031020s1960 sp ||||1| spa d
100 1 _aDonderis Tatay, Salvador.
_945305
245 1 0 _aManual de Historia de Iberia
_b: prehistoria y edades antigua y media /
_cSalvador Donderis Tatay.
260 _aValencia :
_b[s.n.,
_c1960] (
_fSucs. de Vives Mora)
300 _a112 p., 1 lám. :
_bil., map. ;
_c22 cm.
852 _aES-MaACL
_jC-18179
_bR.46164
999 _c57878
_d57878